|
|
|
|
| LEADER |
01001nam a2200253 a 4500 |
| 001 |
GR-MES10368 |
| 008 |
060703s nyu 000 0 gre d |
| 020 |
|
|
|a 0070458960
|
| 040 |
|
|
|a GrPaTEI
|b gre
|c GR-PaULI
|
| 040 |
|
|
|a GrPaTEI
|b gre
|c GR-PaULI
|
| 082 |
|
0 |
|a 620.112
|2 20
|
| 100 |
1 |
|
|a Nash, William A.
|
| 245 |
1 |
0 |
|a Schaum's outline of theory and problems of statics and mechanics of materials /
|c William A. Nash.
|
| 260 |
|
|
|a New York :
|b McGraw-Hill,
|c 1992
|
| 300 |
|
|
|a vi
|a 282σ. :
|b εικ. ;
|c 28εκ.
|
| 490 |
0 |
|
|a Schaum's outline series
|
| 500 |
|
|
|a Περιλαμβάνει ευρετήριο.
|
| 650 |
|
0 |
|a Statics
|
| 650 |
|
0 |
|a Strength of mataerials
|x Problems,exercises, etc.
|
| 650 |
|
4 |
|a ΣΤΑΤΙΚΗ
|
| 942 |
|
|
|2 ddc
|
| 952 |
|
|
|0 0
|1 0
|2 ddc
|4 0
|6 620_112000000000000_NAS
|7 0
|9 269874
|a MSLG
|b MSLG
|c BSC
|d 2021-01-17
|e 24
|f 0
|g 0.00
|l 0
|o 620.112 NAS
|p 2420000020208
|r 2021-01-17 00:00:00
|t 1
|w 2021-01-17
|y BK15
|x 20060703 0 1
|x GrPaTEI
|
| 971 |
|
|
|a .b25764159
|b 01-10-20
|c 13-09-16
|
| 999 |
|
|
|c 155799
|d 155799
|